A munkásbiztositótól [!munkásbiztosítótól] járó szerződéses orvosi tiszteletdij [!tiszteletdíj] általános forgalmi adó alá esik

Elmentve itt :
Bibliográfiai részletek
Dokumentumtípus: Cikk
Megjelent: 1928
Sorozat:Polgári jog : a hazai és külföldi magánjog és hiteljog szemléje 4 No. 4
Kulcsszavak:Forgalmi adózás adókötelezettség joggyakorlat
Online Access:http://misc.bibl.u-szeged.hu/4944
LEADER 00699nab a2200157 i 4500
001 misc4944
005 20191106142848.0
008 170607s1928 hu o 0|| hun d
040 |a SZTE Miscellanea Repozitórium  |b hun 
041 |a hun 
245 0 2 |a A munkásbiztositótól [!munkásbiztosítótól] járó szerződéses orvosi tiszteletdij [!tiszteletdíj] általános forgalmi adó alá esik  |h [elektronikus dokumentum] 
260 |c 1928 
300 |a 65-66b 
490 0 |a Polgári jog : a hazai és külföldi magánjog és hiteljog szemléje  |v 4 No. 4 
695 |a Forgalmi adózás adókötelezettség joggyakorlat 
856 4 0 |u http://misc.bibl.u-szeged.hu/4944/1/polgari_jog_1928_065-066b.pdf  |z Dokumentum-elérés